000 00651nam a2200229 a 4500
008
020 _a0750691476 (hbk.)
049 _aMAIN
090 _aTH8251
100 1 _aJohnson, Timothy E
245 1 0 _aLow-E glazing design guide/
_cTimothy. E Johnson.
260 _aBoston :
_bButterworth Architecture ,
_cc1991.
300 _avii,200p. :
_bill. ;
_c26cm.
504 _aIncludes bibliographical references.
500 _aIncludes index.
650 1 _aGlazing.
907 _a.b10184442
_b18-01-06
_c05-01-06
003
005 20230123134135.0
040 _cNUST
942 _cBOOKS
_kTH8251
999 _c160737
_d160737